<?xml version="1.0" encoding="UTF-8"?>
<collection xmlns="http://www.loc.gov/MARC21/slim">
 <record>
  <leader>05972nam a2200349 a 4500</leader>
  <controlfield tag="001">kal4943</controlfield>
  <controlfield tag="003">Gr-AtHEAL</controlfield>
  <controlfield tag="005">20160425075304.0</controlfield>
  <controlfield tag="006">m        d        </controlfield>
  <controlfield tag="008">160413s2015    gr      s           gre|c</controlfield>
  <datafield tag="020" ind1=" " ind2=" ">
   <subfield code="a">9789606030185</subfield>
  </datafield>
  <datafield tag="040" ind1=" " ind2=" ">
   <subfield code="a">GR-AtHEAL</subfield>
   <subfield code="b">gre</subfield>
   <subfield code="c">GR-AtHEAL</subfield>
  </datafield>
  <datafield tag="082" ind1="0" ind2="4">
   <subfield code="a">612.7</subfield>
   <subfield code="2">23</subfield>
  </datafield>
  <datafield tag="100" ind1="1" ind2=" ">
   <subfield code="a">Κέλλης, Ελευθέριος.</subfield>
   <subfield code="8">973</subfield>
  </datafield>
  <datafield tag="245" ind1="1" ind2="0">
   <subfield code="a">Αθλητική εμβιομηχανική</subfield>
   <subfield code="h">[Ηλεκτρονικός πόρος] </subfield>
   <subfield code="b">Αρχές και μεθοδολογία εμβιομηχανικής ανάλυσης της κίνησης</subfield>
   <subfield code="c">Κέλλης, Ελευθέριος ; Κριτικός αναγνώστης,Χατζητάκη, Βασιλεία ; Γραφιστική επιμέλεια,Κουμαρτζής, Νικόλαος ; Τεχνική επιμέλεια,Κουμαρτζής, Νικόλαος ; Γλωσσική επιμέλεια,Σεγκούλη, Σοφία.</subfield>
  </datafield>
  <datafield tag="260" ind1=" " ind2=" ">
   <subfield code="a">Αθήνα :</subfield>
   <subfield code="b">Σύνδεσμος Ελληνικών Ακαδημαϊκών Βιβλιοθηκών,</subfield>
   <subfield code="c">c2015.</subfield>
  </datafield>
  <datafield tag="490" ind1=" " ind2=" ">
   <subfield code="a">Ακαδημαϊκά Ηλεκτρονικά Συγγράμματα και Βοηθήματα Κάλλιπος</subfield>
   <subfield code="8">40</subfield>
  </datafield>
  <datafield tag="505" ind1="0" ind2=" ">
   <subfield code="a">Κεφάλαιο 1: ΕισαγωγήΚεφάλαιο 2: Αρχές Κινηματικής ΑνάλυσηςΚεφάλαιο 3: Μέθοδοι Κινηματικής ΑνάλυσηςΚεφάλαιο 4: Αρχές Κινητικής ανάλυσηςΚεφάλαιο 5: Μέθοδοι Κινητικής ανάλυσηςΚεφάλαιο 6: Νευρομυϊκή ενεργοποίηση και ηλεκτρομυογραφίαΚεφάλαιο 7: Παραγωγή και Αξιολόγηση της ΔύναμηςΚεφάλαιο 8: Έργο - Ενέργεια &amp; ΒλητικήΚεφάλαιο 9: Βάδιση και ΤρέξιμοΚεφάλαιο 10:Ατομικά ΑθλήματαΚεφάλαιο 11: Ομαδικά Αθλήματα</subfield>
  </datafield>
  <datafield tag="520" ind1=" " ind2=" ">
   <subfield code="a">Το βιβλίο αυτό απευθύνεται σε προπτυχιακούς και μεταπτυχιακούς φοιτητές που διδάσκονται την ανθρώπινη κίνηση και ιδιαίτερα την αθλητική κίνηση καθώς και σε επαγγελματίες σχετικών κλάδων όπως καθηγητές φυσικής αγωγής, προπονητές, φυσικοθεραπευτές, αθλητίατρους κ.α. Σκοπός του βιβλίου είναι η ενδελεχή και δια-δραστική παρουσίαση των νόμων που διέπουν την αθλητική κίνηση με τρόπο που να είναι κατανοητός από κάθε έναν που ενδιαφέρεται για τον αθλητισμό. Διδάσκοντες, φοιτητές και επαγγελματίες του χώρου μπορούν να βρουν στο βιβλίο αυτό υλικό τόσο για τη μεθοδολογία όσο και την ανάλυση των αθλητικών κινήσεων. Το βιβλίο παρουσιάζει τους βασικούς τομείς μιας εμβιομηχανικής ανάλυσης της αθλητικής κίνησης, δηλαδή της κινηματικής, της κινητικής. της ηλεκτρομυογραφίας, της δυναμομετρίας και της ενέργειας - βλητικής. Η κάθε θεματική περιοχή αποτελεί και ένα ξεχωριστό μαθησιακό αντικείμενο και περιλαμβάνει: πρώτον, το βασικό θεωρητικό υπόβαθρο της αθλητικής εμβιομηχανικής και δεύτερον, το αντίστοιχο εργαστηριακό υπόβαθρο. Στα τελευταία τρία κεφάλαια παρουσιάζονται πρακτικά παραδείγματα εμβιομηχανικής ανάλυσης της τεχνικής επιλεγμένων αθλημάτων και κινήσεων, δηλαδή, της βάδισης και του τρεξίματος, του δρόμου μετ’ εμποδίων, του άλματος εις μήκος, του άλματος εις ύψος, του σερβίς στην αντισφαίριση, του γιγαντιαίου αιωρήματος στην ενόργανη γυμναστική και του ελεύθερου στυλ (χεριά) στην κολύμβηση, το λάκτισμα στο ποδόσφαιρο, το σουτ με άλμα στην καλαθοσφαίριση, η ρίψη με άλμα στη χειροσφαίριση και το καρφί στην πετοσφαίριση.</subfield>
  </datafield>
  <datafield tag="650" ind1=" " ind2="0">
   <subfield code="a">Sports</subfield>
   <subfield code="x">Physiological aspects</subfield>
   <subfield code="8">2356</subfield>
  </datafield>
  <datafield tag="650" ind1=" " ind2="0">
   <subfield code="a">Biomechanics</subfield>
   <subfield code="8">2357</subfield>
  </datafield>
  <datafield tag="653" ind1=" " ind2=" ">
   <subfield code="a">Πειραματική αθλητική εμβιομηχανική</subfield>
  </datafield>
  <datafield tag="653" ind1=" " ind2=" ">
   <subfield code="a">Αθλητική κινησιολογία</subfield>
  </datafield>
  <datafield tag="653" ind1=" " ind2=" ">
   <subfield code="a">Εμβιομηχανική</subfield>
  </datafield>
  <datafield tag="653" ind1=" " ind2=" ">
   <subfield code="a">Τεχνολογία και επιστήμες μηχανικών</subfield>
   <subfield code="a">Ιατρική τεχνολογία και μηχανική</subfield>
   <subfield code="a">Βιοϊατρική τεχνολογία και εμβιομηχανική</subfield>
  </datafield>
  <datafield tag="653" ind1=" " ind2=" ">
   <subfield code="a">Επιστήμες της ζωής</subfield>
   <subfield code="a">Αθλητική επιστήμη/επιστήμη φυσικής αγωγής και αθλητισμού</subfield>
   <subfield code="a">Αθλητική εμβιομηχανική</subfield>
  </datafield>
  <datafield tag="700" ind1="1" ind2=" ">
   <subfield code="a">Χατζητάκη, Βασιλεία</subfield>
   <subfield code="e">Κριτικός αναγνώστης</subfield>
   <subfield code="8">974</subfield>
  </datafield>
  <datafield tag="856" ind1="4" ind2="0">
   <subfield code="u">http://hdl.handle.net/11419/4943</subfield>
   <subfield code="z">Πλήρες Κείμενο - Full text</subfield>
  </datafield>
  <datafield tag="907" ind1=" " ind2=" ">
   <subfield code="a">.b25680560</subfield>
   <subfield code="b">12-06-18</subfield>
   <subfield code="c">29-07-16</subfield>
  </datafield>
  <datafield tag="949" ind1=" " ind2=" ">
   <subfield code="0">0</subfield>
   <subfield code="1">0</subfield>
   <subfield code="2">ddc</subfield>
   <subfield code="4">0</subfield>
   <subfield code="6">612_700000000000000_ΚΕΛ</subfield>
   <subfield code="7">0</subfield>
   <subfield code="8">KALL</subfield>
   <subfield code="8">815</subfield>
   <subfield code="d">2016-04-13</subfield>
   <subfield code="r">2016-04-13</subfield>
   <subfield code="w">2016-04-13</subfield>
   <subfield code="z">612.7 ΚΕΛ</subfield>
   <subfield code="o">SEAB KALLIPOS</subfield>
  </datafield>
  <datafield tag="998" ind1=" " ind2=" ">
   <subfield code="a">80</subfield>
   <subfield code="a">01</subfield>
   <subfield code="a">02</subfield>
   <subfield code="a">03</subfield>
   <subfield code="a">04</subfield>
   <subfield code="a">05</subfield>
   <subfield code="a">06</subfield>
   <subfield code="a">07</subfield>
   <subfield code="a">08</subfield>
   <subfield code="a">10</subfield>
   <subfield code="a">09</subfield>
   <subfield code="a">11</subfield>
   <subfield code="a">12</subfield>
   <subfield code="a">13</subfield>
   <subfield code="a">14</subfield>
   <subfield code="a">15</subfield>
   <subfield code="a">16</subfield>
   <subfield code="a">17</subfield>
   <subfield code="a">18</subfield>
   <subfield code="a">19</subfield>
   <subfield code="a">20</subfield>
   <subfield code="a">21</subfield>
   <subfield code="a">22</subfield>
   <subfield code="a">23</subfield>
   <subfield code="a">24</subfield>
   <subfield code="a">25</subfield>
   <subfield code="a">26</subfield>
   <subfield code="b">16-05-17</subfield>
   <subfield code="c">m</subfield>
   <subfield code="d">z  </subfield>
   <subfield code="e">-</subfield>
   <subfield code="f">gre</subfield>
   <subfield code="g">gr </subfield>
   <subfield code="h">0</subfield>
  </datafield>
  <datafield tag="942" ind1=" " ind2=" ">
   <subfield code="2">ddc</subfield>
   <subfield code="c">KALLIPOS</subfield>
  </datafield>
 </record>
</collection>
